Current Commissioned Ships of the Royal Navy - Statistics

General Stats
  • This quiz has been taken 157 times
  • The average score is 27 of 75
Answer Stats
Hint Answer % Correct
Aircraft Carrier Queen Elizabeth
99%
Aircraft Carrier Prince of Wales
93%
Ship of the Line Victory
87%
Destroyers Dragon
74%
Ballistic Missile Submarine Vanguard
71%
Destroyers Daring
68%
Attack Submarine Astute
66%
Destroyers Diamond
66%
Destroyers Dauntless
64%
Destroyers Duncan
64%
Amphibious Transport Dock Albion
61%
Destroyers Defender
58%
Amphibious Transport Dock Bulwark
54%
Frigates Iron Duke
54%
Ballistic Missile Submarine Victorious
53%
Offshore patrol vessel Mersey
50%
Offshore patrol vessel Tyne
50%
Offshore patrol vessel Severn
49%
Ballistic Missile Submarine Vengeance
49%
Frigates Westminster
46%
Frigates Kent
43%
Frigates Montrose
41%
Frigates St Albans
41%
Offshore patrol vessel Spey
38%
Ballistic Missile Submarine Vigilant
38%
Attack Submarine Artful
37%
Attack Submarine Ambush
36%
Attack Submarine Audacious
36%
Survey Protector
36%
Offshore patrol vessel Trent
36%
Frigates Somerset
34%
Offshore patrol vessel Tamar
34%
Survey Enterprise
33%
Frigates Lancaster
33%
Attack Submarine Triumph
33%
Coastal and fast patrol Dasher
32%
Frigates Northumberland
32%
Frigates Sutherland
32%
Offshore patrol vessel Forth
30%
Offshore patrol vessel Medway
30%
Frigates Portland
29%
Survey Scott
29%
Frigates Richmond
28%
Frigates Argyll
26%
Mine countermeasures vessel Bangor
26%
Coastal and fast patrol Biter
26%
Coastal and fast patrol Archer
25%
Survey Echo
25%
Coastal and fast patrol Explorer
25%
Coastal and fast patrol Exploit
24%
Attack Submarine Talent
24%
Coastal and fast patrol Blazer
22%
Mine countermeasures vessel Chiddingfold
21%
Mine countermeasures vessel Hurworth
21%
Coastal and fast patrol Scimitar
21%
Mine countermeasures vessel Cattistock
20%
Survey Magpie
20%
Mine countermeasures vessel Middleton
20%
Coastal and fast patrol Puncher
20%
Mine countermeasures vessel Pembroke
18%
Mine countermeasures vessel Penzance
18%
Coastal and fast patrol Ranger
18%
Coastal and fast patrol Smiter
18%
Coastal and fast patrol Trumpeter
18%
Mine countermeasures vessel Brocklesby
17%
Coastal and fast patrol Charger
17%
Mine countermeasures vessel Ledbury
16%
Coastal and fast patrol Express
14%
Coastal and fast patrol Pursuer
13%
Coastal and fast patrol Raider
13%
Coastal and fast patrol Sabre
13%
Coastal and fast patrol Example
12%
Coastal and fast patrol Tracker
12%
Mine countermeasures vessel Shoreham
9%
Mine countermeasures vessel Grimsby
8%
No matching quizzes found
Score Distribution
Percent of People with Each Score
Percentile by Number Answered
Your Score History
You have not taken this quiz